00731nam a22001097a 4500008004100000100004300041245008200084260004700166300003000213520033100243773004700574240903b ||||| |||| 00| 0 eng d aKumar, Neeraj and Varman, P. Mahendra  aIs GDP a good measure of people’s well-being? Evidence from BRICS nations.  aMadhya Pradesh Journal of Social Sciences  a28(1), Jun, 2023: p.15-31 aIn economics, income is always considered a significant factor that is needed to maximize the well-being of the people. The belfries of ecomdists that an incrse in income increases the subjective well-being of the people are questioned by Easterlin in his seminal work which is also called as Easerin paradox. – Reproduced  aMadhya Pradesh Journal of Social Sciences